Top 20 des personnalités les plus suivies de Instagram - Statistiques

Statistiques générales
  • Ce quiz a été pris 275 fois
  • Le résultat moyen est 8 sur 20
Statistiques - réponses
Nationalité Star Abonnés % Correct
Portugais Cristiano Ronaldo 640 Millions
96%
Argentin Lionel Messi 502 Millions
91%
Brésilien Neymar Jr 220 Millions
72%
Américaine Kim Kardashian 363 Millions
65%
Américaine Beyonce 319 Millions
54%
Américaine Kylie Jenner 396 Millions
53%
Américaine Taylor Swift 283 Millions
50%
Américaine Selena Gomez 423 Millions
49%
Américain Kendal Jenner 294 Millions
46%
Américaine Ariana grande 376 Millions
41%
Américain Instagram 672 Millions
39%
Américain Justin Bieber 292 Millions
34%
Américaine Khloe Kardashian 310 Millions
24%
Américaine Kourtney Kardashian 224 Millions
21%
Américain The Rock 395 Millions
21%
Américaine Nicki Minaj 229 Millions
10%
Américain Nike 306 Millions
7%
Américaine Jlo 253 Millions
3%
Indien Virat Kohli 268 Millions
2%
Américain National Géographic 283 Millions
1%
Aucun quiz correspondant
Distribution des résultats
% des personnes avec chaque résultat
Percentile par nombre de réponses
Votre historique - résultats
Vous n’avez pas pris ce quiz